000 00595nam a2200217Ia 4500
005 20260429112004.0
008 260429s9999||||xx |||||||||||||| ||und||
020 _a9781787150911
041 _aEnglish
082 _a658.872
_bSMI
100 _aSmith, Olivia
245 0 _aDigital marketing strategy /
_cOlivia Smith
260 _aUnited Kingdom :
_bKruger Brentt Publishers,
_c2023.
300 _aix, 151 p.; hb
650 _a Digital marketing
650 _a Marketing channels
650 _aMarketing management
700 _a Smith, James
700 _a Smith, Mary
942 _cTB
999 _c51766
_d51766